[Event "Titled Tuesday intern op 30th Jul Early"]
[White "Giri, Anish"]
[Black "Rakitin, Daniil"]
[Site "Chess.com INT"]
[Round "4"]
[Result "1-0"]
[Date "2024.07.30"]
[WhiteElo "2745"]
[BlackElo "2130"]
[PlyCount "157"]
[EventDate "2024.07.30"]
[EventType "swiss (blitz)"]
[EventRounds "11"]
[EventCountry "USA"]
[SourceTitle "EXT 2025"]
[Source "ChessBase"]
[SourceDate "2024.10.14"]
[SourceVersion "1"]
[SourceVersionDate "2024.10.14"]
[SourceQuality "1"]

1. d4 Nf6 2. Nf3 e6 3. Bf4 Bd6 4. Bxd6 cxd6 5. c4 0-0 6. d5 Na6 7. Nc3 Nc5 8. e3 Qa5 9. Nd2 Nfe4 10. Ncxe4 Nxe4 11. Bd3 exd5 12. cxd5 Nf6 13. e4 b5 14. 0-0 Ba6 15. a3 Rac8 16. b4 Qb6 17. h3 Rc3 18. Nf3 Rfc8 19. Re1 h6 20. Qd2 Bb7 21. Rec1 Qc7 22. Rxc3 Qxc3 23. Qxc3 Rxc3 24. Ne1 a6 25. Kf1 Kf8 26. Ke2 Ke7 27. Kd2 Rc8 28. Nc2 g6 29. Nd4 Ne8 30. g4 Nc7 31. Nb3 Na8 32. Na5 Rc7 33. Rc1 Rxc1 34. Kxc1 Bc8 35. Kd2 Nb6 36. Ke3 Kf6 37. f4 Ke7 38. g5 h5 39. h4 Kd8 40. Kd4 Ke7 41. f5 Na8 42. Nb3 Nc7 43. Na1 Ne8 44. f6+ Kd8 45. Nc2 Nc7 46. Ne3 Bb7 47. Ng2 Ke8 48. Nf4 Kf8 49. Be2 Ne8 50. Bf3 Bc8 51. Bg2 Bb7 52. Bh3 Bc8 53. Ne2 Nc7 54. Nc3 Ne8 55. Ke3 Nc7 56. Kd3 Ke8 57. Kd4 Kd8 58. Bf1 Ne8 59. a4 bxa4 60. Nxa4 Nc7 61. Nc3 Bb7 62. Be2 Ke8 63. e5 dxe5+ 64. Kxe5 Kd8 65. Bc4 Ke8 66. Kd6 Na8 67. Kc5 Kd8 68. d6 Ke8 69. Nd5 Bc6 70. Bxa6 Bxd5 71. Kxd5 Nb6+ 72. Kd4 Kd8 73. Bc4 Ke8 74. Bb3 Kd8 75. Kc5 Nc8 76. b5 Na7 77. Bxf7 Kc8 78. Bd5 Nxb5 79. Kxb5 1-0

[Event "Titled Tuesday intern op 30th Jul Early"]
[White "Rakitin, Daniil"]
[Black "Borgaonkar, Akshay"]
[Site "Chess.com INT"]
[Round "7"]
[Result "1-0"]
[Date "2024.07.30"]
[WhiteElo "2130"]
[BlackElo "2412"]
[PlyCount "67"]
[EventDate "2024.07.30"]
[EventType "swiss (blitz)"]
[EventRounds "11"]
[EventCountry "USA"]
[SourceTitle "EXT 2025"]
[Source "ChessBase"]
[SourceDate "2024.10.14"]
[SourceVersion "1"]
[SourceVersionDate "2024.10.14"]
[SourceQuality "1"]

1. e4 e5 2. Nf3 Nc6 3. Bc4 d6 4. h3 h6 5. 0-0 Nf6 6. Re1 g5 7. Nh2 h5 8. c3 g4 9. h4 g3 10. fxg3 Rg8 11. Nf1 Ng4 12. Na3 Be6 13. d4 Qf6 14. d5 Qf2+ 15. Kh1 Na5 16. dxe6 0-0-0 17. exf7 Rg6 18. Qe2 Qf6 19. Bg5 Rxg5 20. hxg5 Qxg5 21. Qf3 d5 22. Bxd5 Bc5 23. Re2 Kb8 24. b4 Bd6 25. Nb5 Be7 26. bxa5 h4 27. Qf5 Qh6 28. Qxg4 hxg3+ 29. Qh3 Qg7 30. Nxg3 Rh8 31. Nh5 Qg6 32. g4 c6 33. Rf1 cxd5 34. exd5 1-0

[Event "Titled Tuesday intern op 30th Jul Early"]
[White "Rakitin, Daniil"]
[Black "Chigaev, Maksim"]
[Site "Chess.com INT"]
[Round "10"]
[Result "0-1"]
[Date "2024.07.30"]
[WhiteElo "2130"]
[BlackElo "2623"]
[PlyCount "136"]
[EventDate "2024.07.30"]
[EventType "swiss (blitz)"]
[EventRounds "11"]
[EventCountry "USA"]
[SourceTitle "EXT 2025"]
[Source "ChessBase"]
[SourceDate "2024.10.14"]
[SourceVersion "1"]
[SourceVersionDate "2024.10.14"]
[SourceQuality "1"]

1. e4 c5 2. Nf3 d6 3. d4 cxd4 4. Qxd4 Nf6 5. Nc3 Nc6 6. Bb5 Bd7 7. Bxc6 Bxc6 8. Bg5 e6 9. 0-0-0 Be7 10. Rhe1 Qa5 11. Qd2 0-0 12. Kb1 Rfd8 13. Nd5 Qxd2 14. Nxe7+ Kf8 15. Nxd2 Kxe7 16. f3 h6 17. Be3 e5 18. Nb3 Bb5 19. Nd2 Rdc8 20. b3 d5 21. Kb2 dxe4 22. Nxe4 Nxe4 23. fxe4 Bc6 24. Bc5+ Ke8 25. Bf2 f6 26. a4 h5 27. h4 Kf7 28. a5 a6 29. Bb6 Rh8 30. Rd6 Rh6 31. g3 Rg6 32. Rd3 Rg4 33. Rde3 Re8 34. Kc3 Rh8 35. Kd3 Rh6 36. Rf3 Ke6 37. Bf2 Rh8 38. Bb6 Rf8 39. c4 Rf7 40. Ree3 g6 41. Rf1 Rd7+ 42. Kc3 Rxe4 43. Rxe4 Bxe4 44. Re1 Rd3+ 45. Kb4 Bc6 46. Bf2 Rf3 47. Re2 Kf5 48. Rd2 Kg4 49. Kc5 Rxb3 50. Kd6 Rf3 51. Ke6 e4 52. Re2 g5 53. hxg5 fxg5 54. Ke5 h4 55. gxh4 gxh4 56. Bb6 h3 57. Bc7 Rf5+ 58. Kd4 Rh5 59. Bb8 Rh7 60. Be5 Rd7+ 61. Kc5 Rd3 62. Bc7 e3 63. Re1 Bf3 64. Rg1+ Bg2 65. Re1 Kf3 66. Bb6 e2 67. Kb4 Rd1 68. Bf2 Kxf2 0-1

[Event "Titled Tuesday intern op 30th Jul Early"]
[White "Rakitin, Daniil"]
[Black "Zaksaite, Salomeja"]
[Site "Chess.com INT"]
[Round "2"]
[Result "1-0"]
[Date "2024.07.30"]
[WhiteElo "2130"]
[BlackElo "2210"]
[PlyCount "43"]
[EventDate "2024.07.30"]
[EventType "swiss (blitz)"]
[EventRounds "11"]
[EventCountry "USA"]
[SourceTitle "EXT 2025"]
[Source "ChessBase"]
[SourceDate "2024.10.14"]
[SourceVersion "1"]
[SourceVersionDate "2024.10.14"]
[SourceQuality "1"]

1. e4 e5 2. Nf3 Nf6 3. Bc4 Nc6 4. Ng5 d5 5. exd5 Na5 6. Bb5+ c6 7. dxc6 bxc6 8. Be2 h6 9. Nh3 Bc5 10. Nc3 0-0 11. 0-0 Bb6 12. Kh1 Bxh3 13. gxh3 Nd5 14. d3 Qh4 15. Nxd5 cxd5 16. Bf3 e4 17. dxe4 dxe4 18. Bg2 Nc6 19. Qg4 Bxf2 20. Bxe4 Ne5 21. Qxh4 Bxh4 22. Bxa8 1-0

[Event "Titled Tuesday intern op 30th Jul Early"]
[White "Svane, Rasmus"]
[Black "Rakitin, Daniil"]
[Site "Chess.com INT"]
[Round "11"]
[Result "0-1"]
[Date "2024.07.30"]
[WhiteElo "2633"]
[BlackElo "2130"]
[PlyCount "106"]
[EventDate "2024.07.30"]
[EventType "swiss (blitz)"]
[EventRounds "11"]
[EventCountry "USA"]
[SourceTitle "EXT 2025"]
[Source "ChessBase"]
[SourceDate "2024.10.14"]
[SourceVersion "1"]
[SourceVersionDate "2024.10.14"]
[SourceQuality "1"]

1. Nf3 d5 2. g3 Nd7 3. d4 Nb6 4. Nc3 Nf6 5. Bg2 Bf5 6. Nh4 Bg4 7. h3 Bh5 8. Qd3 e6 9. e4 dxe4 10. Nxe4 Nxe4 11. Bxe4 c6 12. Bd2 Be7 13. Ng2 Bg6 14. 0-0-0 Bxe4 15. Qxe4 Qd5 16. Qxd5 exd5 17. h4 h5 18. Bg5 f6 19. Bd2 Kf7 20. Rde1 Nc4 21. b3 Ba3+ 22. Kd1 Nxd2 23. Kxd2 c5 24. dxc5 Bxc5 25. Rhf1 d4 26. Kd1 Bb4 27. Re4 Bc3 28. Nf4 g5 29. Nd3 Rhe8 30. Rxe8 Rxe8 31. Rh1 Kg6 32. a4 b6 33. Nc1 Kf5 34. hxg5 fxg5 35. Nd3 Kg4 36. f4 gxf4 37. Nxf4 h4 38. gxh4 Kxf4 39. h5 Rh8 40. h6 Kg5 41. h7 Kg6 42. Ke2 Rxh7 43. Rg1+ Kf5 44. Kd3 Rh2 45. Rf1+ Ke5 46. Rg1 Rd2+ 47. Kc4 Rxc2 48. Kd3 Rd2+ 49. Kc4 a5 50. Rg8 Bb4 51. Rg5+ Kf4 52. Rg6 Rd1 53. Rxb6 d3 0-1

[Event "Titled Tuesday intern op 23rd Jul Early"]
[White "Radionov, Timur"]
[Black "Rakitin, Daniil"]
[Site "Chess.com INT"]
[Round "1"]
[Result "0-1"]
[Date "2024.07.23"]
[WhiteElo "2200"]
[BlackElo "2130"]
[PlyCount "66"]
[EventDate "2024.07.23"]
[EventType "swiss (blitz)"]
[EventRounds "11"]
[EventCountry "USA"]
[SourceTitle "EXT 2025"]
[Source "ChessBase"]
[SourceDate "2024.10.14"]
[SourceVersion "1"]
[SourceVersionDate "2024.10.14"]
[SourceQuality "1"]

1. e4 c5 2. Nc3 g6 3. f4 Bg7 4. Nf3 d6 5. Bb5+ Bd7 6. Bc4 e6 7. 0-0 Ne7 8. f5 exf5 9. d3 0-0 10. Qe1 Nbc6 11. Qh4 Qe8 12. Bh6 Ne5 13. Ng5 Nxc4 14. Bxg7 Kxg7 15. Qxh7+ Kf6 16. exf5 Nxf5 17. Nce4+ Ke7 18. Rae1 Ne5 19. Rxf5 Bxf5 20. Qh4 f6 21. Qh7+ Rf7 22. Nxf7 Qxf7 23. Qh4 Bxe4 24. Qxe4 Rb8 25. c3 Kd7 26. d4 cxd4 27. cxd4 Nc6 28. Qg4+ f5 29. Qh4 Re8 30. Rc1 Qd5 31. Rd1 Re2 32. Qg5 Nxd4 33. Qxg6 Nf3+ 0-1

[Event "Titled Tuesday intern op 23rd Jul Early"]
[White "Rakitin, Daniil"]
[Black "Durarbayli, Vasif"]
[Site "Chess.com INT"]
[Round "8"]
[Result "1-0"]
[Date "2024.07.23"]
[WhiteElo "2130"]
[BlackElo "2628"]
[PlyCount "79"]
[EventDate "2024.07.23"]
[EventType "swiss (blitz)"]
[EventRounds "11"]
[EventCountry "USA"]
[SourceTitle "EXT 2025"]
[Source "ChessBase"]
[SourceDate "2024.10.14"]
[SourceVersion "1"]
[SourceVersionDate "2024.10.14"]
[SourceQuality "1"]

1. e4 c6 2. d4 d6 3. Nc3 Nd7 4. Nf3 b5 5. a4 b4 6. Ne2 g6 7. Ng3 Bg7 8. Bc4 e6 9. h4 h6 10. h5 g5 11. d5 Nb6 12. Bb3 exd5 13. exd5 Qe7+ 14. Kf1 Nxd5 15. Bxd5 cxd5 16. Qxd5 Qb7 17. Qb5+ Kf8 18. Rb1 Ne7 19. Be3 Qxb5+ 20. axb5 Bd7 21. c4 bxc3 22. bxc3 Bxc3 23. Ke2 f5 24. Rhc1 Nd5 25. Bd4 Bxd4 26. Nxd4 f4 27. Ngf5 Kf7 28. Nxd6+ Kf6 29. Nb7 Rhe8+ 30. Kf1 Rab8 31. Nc5 Bc8 32. Nc6 Ra8 33. Re1 Rxe1+ 34. Rxe1 Bf5 35. Ra1 Nc3 36. Rxa7 Rxa7 37. Nxa7 Ke5 38. b6 Kd6 39. b7 Kc7 40. Nc6 1-0

[Event "Titled Tuesday intern op 23rd Jul Early"]
[White "Rakitin, Daniil"]
[Black "Oparin, Grigoriy"]
[Site "Chess.com INT"]
[Round "11"]
[Result "0-1"]
[Date "2024.07.23"]
[WhiteElo "2130"]
[BlackElo "2662"]
[PlyCount "88"]
[EventDate "2024.07.23"]
[EventType "swiss (blitz)"]
[EventRounds "11"]
[EventCountry "USA"]
[SourceTitle "EXT 2025"]
[Source "ChessBase"]
[SourceDate "2024.10.14"]
[SourceVersion "1"]
[SourceVersionDate "2024.10.14"]
[SourceQuality "1"]

1. e4 c6 2. d4 d5 3. Nc3 dxe4 4. Nxe4 Nf6 5. Nxf6+ exf6 6. c3 Bd6 7. Bd3 0-0 8. Qc2 Re8+ 9. Ne2 h5 10. Bd2 Nd7 11. 0-0-0 Nf8 12. h3 h4 13. Rhg1 Be6 14. Kb1 Bh2 15. Rh1 Bc7 16. Rhg1 b5 17. g3 Qd5 18. b3 a5 19. gxh4 Qh5 20. Ng3 Qxh4 21. Bc1 b4 22. Nf5 Bxf5 23. Bxf5 bxc3 24. Rg4 Qh5 25. Rdg1 g6 26. Be4 Re6 27. Qxc3 Bb6 28. Bxc6 Rc8 29. d5 Re2 30. Qd3 Rxf2 31. Rf1 Rxf1 32. Qxf1 Nh7 33. Qd3 Qe5 34. Rc4 Rd8 35. Bf4 Qe1+ 36. Rc1 Qf2 37. Bd2 Bc7 38. Rf1 Qg2 39. Kc2 Ng5 40. Re1 Nf3 41. Re2 Qh1 42. Re3 Ne5 43. Re2 Nxd3 44. Kxd3 Qxh3+ 0-1

[Event "Titled Tuesday intern op 23rd Jul Early"]
[White "Rakitin, Daniil"]
[Black "Yang, Kaiqi"]
[Site "Chess.com INT"]
[Round "4"]
[Result "1-0"]
[Date "2024.07.23"]
[WhiteElo "2130"]
[BlackElo "2481"]
[PlyCount "63"]
[EventDate "2024.07.23"]
[EventType "swiss (blitz)"]
[EventRounds "11"]
[EventCountry "USA"]
[SourceTitle "EXT 2025"]
[Source "ChessBase"]
[SourceDate "2024.10.14"]
[SourceVersion "1"]
[SourceVersionDate "2024.10.14"]
[SourceQuality "1"]

1. e4 c6 2. d4 d5 3. Nc3 dxe4 4. Nxe4 Bf5 5. Ng3 Bg6 6. h4 h6 7. Nf3 Nd7 8. h5 Bh7 9. Bd3 Bxd3 10. Qxd3 e6 11. Bd2 Ngf6 12. 0-0-0 Qc7 13. Kb1 0-0-0 14. Ne4 Nxe4 15. Qxe4 Nf6 16. Qe2 Rd5 17. c4 Rxh5 18. Rhg1 Bd6 19. g3 c5 20. Bc3 Qc6 21. d5 exd5 22. Bxf6 gxf6 23. g4 Re8 24. Qf1 d4 25. Nxd4 Qe4+ 26. Nc2 Rh2 27. Rxd6 Qf4 28. Qd3 Rxf2 29. Rd1 b6 30. Qd5 Rf1 31. Qa8+ Kc7 32. Rd7# 1-0

[Event "Moscow op-A 20th"]
[White "Rakitin, Daniil"]
[Black "Rozum, Ivan"]
[Site "Moscow"]
[Round "5"]
[Result "1/2-1/2"]
[Date "2024.07.18"]
[WhiteElo "2130"]
[BlackElo "2490"]
[PlyCount "94"]
[EventDate "2024.07.16"]
[EventType "swiss"]
[EventRounds "9"]
[EventCountry "RUS"]
[SourceTitle "CBM 221 Extra"]
[Source "ChessBase"]
[SourceDate "2024.09.30"]
[SourceVersion "1"]
[SourceVersionDate "2024.09.30"]
[SourceQuality "1"]

1. e4 c5 2. Nf3 d6 3. d4 cxd4 4. Qxd4 Nc6 5. Bb5 Bd7 6. Bxc6 Bxc6 7. Nc3 Nf6 8. Bg5 e6 9. 0-0-0 Be7 10. Rhe1 0-0 11. Kb1 h6 12. Bh4 b5 13. Bxf6 Bxf6 14. Qxd6 Qb6 15. Ne5 Bxe5 16. Qxe5 b4 17. Ne2 Qxf2 18. Qf4 Qxf4 19. Nxf4 Rfd8 20. Nd3 a5 21. Nf2 Kf8 22. Kc1 Ke7 23. Rxd8 Rxd8 24. Rd1 Rxd1+ 25. Kxd1 f5 26. exf5 Bxg2 27. fxe6 Kxe6 28. Kd2 Bd5 29. a3 bxa3 30. bxa3 Kf5 31. Ke3 g5 32. Kd4 Be6 33. Ke3 Ke5 34. c4 Bf5 35. Nh1 h5 36. Ng3 h4 37. Nxf5 Kxf5 38. c5 g4 39. c6 Ke6 40. Kf4 g3 41. hxg3 hxg3 42. Kxg3 Kd6 43. c7 Kxc7 44. Kf3 Kc6 45. Ke3 Kb5 46. Kd3 Ka4 47. Kc2 Kxa3 1/2-1/2

[Event "Titled Tuesday intern op 09th Jul Early"]
[White "Rakitin, Daniil"]
[Black "Weisz, Bryan"]
[Site "Chess.com INT"]
[Round "1"]
[Result "1-0"]
[Date "2024.07.09"]
[WhiteElo "2130"]
[BlackElo "2004"]
[PlyCount "157"]
[EventDate "2024.07.09"]
[EventType "swiss (blitz)"]
[EventRounds "11"]
[EventCountry "USA"]
[SourceTitle "EXT 2025"]
[Source "ChessBase"]
[SourceDate "2024.10.14"]
[SourceVersion "1"]
[SourceVersionDate "2024.10.14"]
[SourceQuality "1"]

1. e4 c5 2. Nf3 Nc6 3. Bb5 e5 4. 0-0 Bd6 5. c3 Nge7 6. Re1 0-0 7. Na3 Bc7 8. d4 cxd4 9. cxd4 d5 10. dxe5 dxe4 11. Qxd8 Rxd8 12. Rxe4 Rd1+ 13. Bf1 Bf5 14. Re2 Ng6 15. Nb5 Ba5 16. Nc3 Bxc3 17. bxc3 Ngxe5 18. Nxe5 Re8 19. g4 Bd3 20. Nxd3 Rxe2 21. Kg2 Re4 22. Kf3 Ra4 23. Be2 Rg1 24. h3 f5 25. gxf5 Ne7 26. Nb2 Rh4 27. Bc4+ Kf8 28. Be6 Rxh3+ 29. Ke2 Rhh1 30. Nd3 Nc6 31. Ba3+ Ke8 32. Rxg1 Rxg1 33. Nc5 Nd8 34. Bd5 b6 35. Ne4 h5 36. f6 h4 37. Nd6+ Kd7 38. f7 Nxf7 39. Nxf7 h3 40. Ne5+ Kc7 41. Nf3 Ra1 42. Bf8 g5 43. Be6 g4 44. Bxg4 Rxa2+ 45. Ke3 Rc2 46. Bg7 a5 47. Bxh3 a4 48. Bf5 Rb2 49. Bf8 Rb3 50. Kd3 a3 51. Kc2 a2 52. Kxb3 a1Q 53. Nd4 Qf1 54. f3 b5 55. Bc5 Kb7 56. Bb4 Kb6 57. Be4 Qc4+ 58. Kc2 Qa2+ 59. Kd3 Qb1+ 60. Ke3 Qe1+ 61. Kf4 Qc1+ 62. Kf5 Qe3 63. f4 Qh3+ 64. Ke5 Qh5+ 65. f5 Qe8+ 66. Ne6 Qb8+ 67. Bd6 Qh8+ 68. f6 b4 69. cxb4 Qh2+ 70. Kd5 Qa2+ 71. Ke5 Qh2+ 72. Nf4 Qb2+ 73. Kf5 Qh2 74. Bc5+ Kc7 75. f7 Qh7+ 76. Kf6 Qxe4 77. Ne6+ Kd7 78. f8N+ Kc6 79. Ke7 1-0

[Event "Titled Tuesday intern op 02nd Jul Late"]
[White "Bullen, Alex"]
[Black "Rakitin, Daniil"]
[Site "Chess.com INT"]
[Round "3"]
[Result "0-1"]
[Date "2024.07.02"]
[WhiteElo "2159"]
[BlackElo "2130"]
[PlyCount "120"]
[EventDate "2024.07.02"]
[EventType "swiss (blitz)"]
[EventRounds "11"]
[EventCountry "USA"]
[SourceTitle "EXT 2025"]
[Source "ChessBase"]
[SourceDate "2024.10.14"]
[SourceVersion "1"]
[SourceVersionDate "2024.10.14"]
[SourceQuality "1"]

1. d4 d6 2. e4 Nf6 3. Nc3 e5 4. Nf3 exd4 5. Nxd4 g6 6. Bc4 Bg7 7. 0-0 0-0 8. Kh1 Nc6 9. Be3 Ng4 10. Nxc6 Nxe3 11. Nxd8 Nxd1 12. Raxd1 Rxd8 13. Nd5 Rd7 14. c3 c6 15. Ne3 Rd8 16. Rd3 Bf8 17. Rfd1 Re8 18. f3 Bd7 19. h3 h5 20. Bb3 Rad8 21. Nc4 d5 22. exd5 Bf5 23. Re3 cxd5 24. Rxe8 Rxe8 25. Rxd5 Re1+ 26. Kh2 h4 27. Nd6 Be6 28. Rd2 Bh6 29. Rd4 Bxb3 30. axb3 Bg7 31. Re4 Be5+ 32. f4 Rxe4 33. Nxe4 Bxf4+ 34. Kg1 Bc1 35. Nd6 Bxb2 36. Nxb7 Bxc3 37. Kf1 Bb4 38. Nd8 Kf8 39. Nc6 Bc5 40. b4 Bb6 41. b5 Ke8 42. Ke2 Kd7 43. Kd3 Ke6 44. Ke4 f5+ 45. Kf4 Kf6 46. Nb4 g5+ 47. Kf3 Ke5 48. Nd3+ Kd4 49. Nb4 Kc5 50. Nd3+ Kxb5 51. Ne5 a5 52. Nf7 a4 53. Nxg5 a3 54. Ne6 a2 55. Kf4 a1Q 56. Nd4+ Qxd4+ 57. Kg5 Bd8+ 58. Kh5 Qg7 59. g4 hxg3 60. h4 Qh7# 0-1

[Event "Titled Tuesday intern op 02nd Jul Late"]
[White "Grabinsky, Aaron"]
[Black "Rakitin, Daniil"]
[Site "Chess.com INT"]
[Round "8"]
[Result "1-0"]
[Date "2024.07.02"]
[WhiteElo "2371"]
[BlackElo "2130"]
[PlyCount "113"]
[EventDate "2024.07.02"]
[EventType "swiss (blitz)"]
[EventRounds "11"]
[EventCountry "USA"]
[SourceTitle "EXT 2025"]
[Source "ChessBase"]
[SourceDate "2024.10.14"]
[SourceVersion "1"]
[SourceVersionDate "2024.10.14"]
[SourceQuality "1"]

1. b3 d6 2. Bb2 e5 3. e3 f5 4. d4 e4 5. Ne2 d5 6. Qd2 Nf6 7. Ba3 Bxa3 8. Nxa3 0-0 9. h4 Qd6 10. Nb5 Qb6 11. c4 c6 12. Nd6 Qc7 13. Nxc8 Rxc8 14. Nf4 Qe7 15. Be2 Nbd7 16. 0-0 Nf8 17. Rfc1 Ne6 18. Nxe6 Qxe6 19. g3 g6 20. Rc2 Kg7 21. Rac1 h6 22. Qa5 Rd8 23. cxd5 Rxd5 24. Qb4 Rd7 25. Bc4 Qd6 26. Qa5 Rc7 27. Be2 Nd5 28. Bc4 Ne7 29. a3 g5 30. hxg5 hxg5 31. Kg2 Rh8 32. Rh1 Rxh1 33. Kxh1 b6 34. Qc3 Qf6 35. b4 Rc8 36. Kg2 f4 37. exf4 gxf4 38. gxf4 Qxf4 39. Qg3+ Qxg3+ 40. Kxg3 Nf5+ 41. Kf4 Nxd4 42. Rd2 c5 43. Kxe4 Re8+ 44. Kd3 Rf8 45. bxc5 bxc5 46. Ke4 Re8+ 47. Kf4 Kf6 48. Rb2 Re5 49. Rb7 Rf5+ 50. Ke4 Re5+ 51. Kd3 Re7 52. Rb8 Ke5 53. Rf8 Kd6 54. a4 Nc6 55. Rf6+ Kc7 56. Bb5 Ne5+ 57. Kc3 1-0

[Event "Titled Tuesday intern op 02nd Jul Late"]
[White "Rakitin, Daniil"]
[Black "Novik, Maxim"]
[Site "Chess.com INT"]
[Round "9"]
[Result "0-1"]
[Date "2024.07.02"]
[WhiteElo "2130"]
[BlackElo "2409"]
[PlyCount "134"]
[EventDate "2024.07.02"]
[EventType "swiss (blitz)"]
[EventRounds "11"]
[EventCountry "USA"]
[SourceTitle "EXT 2025"]
[Source "ChessBase"]
[SourceDate "2024.10.14"]
[SourceVersion "1"]
[SourceVersionDate "2024.10.14"]
[SourceQuality "1"]

1. e4 c6 2. d4 d5 3. Nc3 dxe4 4. Nxe4 Bf5 5. Ng3 Bg6 6. h4 h6 7. N1e2 e6 8. Nf4 Bh7 9. Bc4 Nf6 10. 0-0 Bd6 11. Re1 0-0 12. c3 Nd5 13. Qg4 Nxf4 14. Bxf4 Bxf4 15. Qxf4 Nd7 16. Re3 Nf6 17. Rae1 Re8 18. Bb3 Rc8 19. h5 Qc7 20. Qxc7 Rxc7 21. f3 Kf8 22. Kf2 c5 23. d5 c4 24. Ba4 Nxd5 25. Bxe8 Nxe3 26. Kxe3 Kxe8 27. Rd1 Ke7 28. Ne2 e5 29. Rh1 Rd7 30. Nc1 f5 31. g3 Kf6 32. b3 Bg8 33. b4 Bf7 34. Ke2 f4 35. gxf4 exf4 36. Ke1 Rd5 37. Ne2 Rxh5 38. Rf1 Re5 39. Kd2 g5 40. a4 Bd5 41. Nd4 Re3 42. a5 Rd3+ 43. Kc2 h5 44. Re1 Rxd4 45. cxd4 Bxf3 46. Kc3 g4 47. Kxc4 h4 48. d5 h3 49. d6 Bc6 50. b5 Bd7 51. Kd5 g3 52. Ke4 g2 53. Kf3 Bxb5 54. Kf2 Bc6 55. Kg1 f3 56. a6 bxa6 57. Rc1 f2+ 58. Kxf2 h2 59. d7 g1Q+ 60. Rxg1 hxg1Q+ 61. Kxg1 Bxd7 62. Kf2 Ke5 63. Ke3 Bf5 64. Kd2 Kd4 65. Kc1 Kc3 66. Kd1 a5 67. Kc1 a4 0-1

[Event "Titled Tuesday intern op 23rd Apr Late"]
[White "Brzezina, Piotr"]
[Black "Rakitin, Daniil"]
[Site "Chess.com INT"]
[Round "5"]
[Result "0-1"]
[Date "2024.04.23"]
[WhiteElo "2346"]
[BlackElo "2206"]
[PlyCount "84"]
[EventDate "2024.04.23"]
[EventType "swiss (blitz)"]
[EventRounds "11"]
[EventCountry "USA"]
[SourceTitle "CBM 219 Extra"]
[Source "ChessBase"]
[SourceDate "2024.05.31"]
[SourceVersion "1"]
[SourceVersionDate "2024.05.31"]
[SourceQuality "1"]

1. e4 c5 2. Nf3 d6 3. d4 cxd4 4. Nxd4 Nf6 5. Nc3 a6 6. Be3 e6 7. g4 h5 8. g5 Ng4 9. Bc1 Nc6 10. Nxc6 bxc6 11. h3 Ne5 12. f4 Nd7 13. Be3 d5 14. Be2 Rb8 15. Bxh5 Rxb2 16. 0-0 g6 17. Bg4 Bg7 18. e5 Qa5 19. Qd2 c5 20. Rab1 Rxb1 21. Rxb1 0-0 22. Nxd5 Qxa2 23. Ne7+ Kh7 24. Rf1 Qa4 25. Rd1 Nb6 26. Bxc5 Qb5 27. Qb4 Qxb4 28. Bxb4 Bb7 29. Kf2 Ra8 30. Bf3 Bxf3 31. Kxf3 a5 32. Bc5 Nc4 33. Rd4 Nb2 34. Ba3 Rb8 35. Nc6 Rb5 36. c4 Rb3+ 37. Ke4 Rxa3 38. Rd2 Nxc4 39. Rc2 Nb6 40. Ne7 Bf8 41. Nc6 Nd5 42. Rd2 Bc5 0-1

[Event "Titled Tuesday intern op 23rd Apr Late"]
[White "Rakitin, Daniil"]
[Black "Bortnyk, Olexandr"]
[Site "Chess.com INT"]
[Round "2"]
[Result "0-1"]
[Date "2024.04.23"]
[WhiteElo "2206"]
[BlackElo "2608"]
[PlyCount "156"]
[EventDate "2024.04.23"]
[EventType "swiss (blitz)"]
[EventRounds "11"]
[EventCountry "USA"]
[SourceTitle "CBM 219 Extra"]
[Source "ChessBase"]
[SourceDate "2024.05.31"]
[SourceVersion "1"]
[SourceVersionDate "2024.05.31"]
[SourceQuality "1"]

1. e4 Nf6 2. e5 Nd5 3. d4 d6 4. Nf3 dxe5 5. Nxe5 c6 6. Be2 Bf5 7. c3 Nd7 8. Nf3 e6 9. 0-0 Bd6 10. Re1 0-0 11. Nbd2 c5 12. Nc4 Be7 13. Ne3 Be4 14. Nxd5 exd5 15. Be3 Rc8 16. dxc5 Bxc5 17. Bxc5 Nxc5 18. Nd4 Qg5 19. f3 Bg6 20. Qc1 Qf6 21. Qd2 a6 22. Bf1 h6 23. Rad1 b5 24. Qe3 Rfd8 25. Rd2 Na4 26. a3 Nb6 27. Qf2 Nc4 28. Bxc4 bxc4 29. Rde2 Rb8 30. Rd2 Bd3 31. b4 a5 32. Rdd1 axb4 33. axb4 Ra8 34. Ra1 Re8 35. Rxe8+ Rxe8 36. h3 Qg5 37. Re1 Ra8 38. Qe3 Qxe3+ 39. Rxe3 Ra1+ 40. Kh2 Rc1 41. Nb5 Rc2 42. Kg1 g5 43. Re8+ Kg7 44. Rd8 Rc1+ 45. Kh2 Bf1 46. Kg1 f5 47. Rxd5 f4 48. Rd2 Bd3+ 49. Kh2 h5 50. Rb2 Kf6 51. Nd4 Rxc3 52. b5 Ra3 53. b6 c3 54. Rb4 Ra8 55. b7 Rb8 56. Nc6 Rxb7 57. Rxb7 c2 58. Rd7 c1Q 59. Rxd3 Qxc6 60. Rd1 g4 61. hxg4 hxg4 62. fxg4 Kg5 63. Ra1 Kxg4 64. Ra3 Qd6 65. Rf3 Qe5 66. Kg1 Qe1+ 67. Kh2 Kf5 68. Rh3 Ke4 69. Rf3 Qc1 70. Rf2 Qe3 71. Rf1 Kd3 72. Rf3 Qxf3 73. gxf3 Ke2 74. Kg2 Ke3 75. Kg1 Kxf3 76. Kf1 Ke3 77. Ke1 f3 78. Kf1 f2 0-1

[Event "Titled Tuesday intern op 23rd Jan Early"]
[White "Hnatyshyn, Anastasiya"]
[Black "Rakitin, Daniil"]
[Site "Chess.com INT"]
[Round "1"]
[Result "1/2-1/2"]
[Date "2024.01.23"]
[WhiteElo "2152"]
[BlackElo "2206"]
[PlyCount "91"]
[EventDate "2024.01.23"]
[EventType "swiss (blitz)"]
[EventRounds "11"]
[EventCountry "USA"]
[SourceTitle "EXT 2025"]
[Source "ChessBase"]
[SourceDate "2024.10.14"]
[SourceVersion "1"]
[SourceVersionDate "2024.10.14"]
[SourceQuality "1"]

1. Nc3 e5 2. Nf3 Nc6 3. d4 exd4 4. Nxd4 Nf6 5. Bg5 h6 6. Bh4 Bb4 7. Nxc6 bxc6 8. Qd3 0-0 9. e3 d5 10. Be2 Qd6 11. Bg3 Qd7 12. 0-0 a5 13. a3 Ba6 14. Qd1 Bxc3 15. bxc3 Bxe2 16. Qxe2 Rfe8 17. Rfd1 Ne4 18. Qd3 Qe7 19. c4 Rad8 20. cxd5 Rxd5 21. Qc4 Qf6 22. Rd4 Rc5 23. Qd3 Rc3 24. Qe2 c5 25. Rdd1 Qc6 26. Rd3 Qa4 27. Rxc3 Nxc3 28. Qd3 Ne4 29. Bxc7 c4 30. Qe2 Re7 31. Bg3 Rd7 32. Qg4 Qc6 33. h3 Nf6 34. Qf4 Rd2 35. c3 Qd5 36. Rb1 Rd1+ 37. Rxd1 Qxd1+ 38. Kh2 Qd3 39. Qb8+ Kh7 40. Qe5 Nd5 41. e4 Nxc3 42. Qf5+ Kg8 43. Qc8+ Kh7 44. Qf5+ Kg8 45. Qc8+ Kh7 46. Qf5+ 1/2-1/2

[Event "Titled Tuesday intern op 23rd Jan Early"]
[White "Rakitin, Daniil"]
[Black "Leve, Nitai D"]
[Site "Chess.com INT"]
[Round "8"]
[Result "1-0"]
[Date "2024.01.23"]
[WhiteElo "2206"]
[BlackElo "2128"]
[PlyCount "79"]
[EventDate "2024.01.23"]
[EventType "swiss (blitz)"]
[EventRounds "11"]
[EventCountry "USA"]
[SourceTitle "EXT 2025"]
[Source "ChessBase"]
[SourceDate "2024.10.14"]
[SourceVersion "1"]
[SourceVersionDate "2024.10.14"]
[SourceQuality "1"]

1. e4 e6 2. b3 d5 3. Bb2 Nf6 4. e5 Nfd7 5. f4 c5 6. Nf3 Nc6 7. Bb5 Qb6 8. Bxc6 Qxc6 9. 0-0 b6 10. d3 Bb7 11. c4 Be7 12. Qe2 d4 13. Nbd2 0-0-0 14. Kh1 f6 15. b4 Rde8 16. a4 Rhg8 17. Bxd4 cxd4 18. Nxd4 Qxg2+ 19. Qxg2 Bxg2+ 20. Kxg2 fxe5 21. Nc6 Bf6 22. Ne4 exf4 23. Nd6+ Kc7 24. Nxe8+ Rxe8 25. Nxa7 Bxa1 26. Nb5+ Kc6 27. Rxa1 Ne5 28. d4 Nd3 29. Rb1 Rf8 30. Kf3 g5 31. Ke2 f3+ 32. Kxd3 g4 33. Ke3 h5 34. Nc3 h4 35. Rf1 g3 36. hxg3 hxg3 37. Rxf3 g2 38. Rg3 Rf1 39. Rxg2 Rc1 40. Kd3 1-0